000 00892nam a2200193 i 4500
001 161890
003 ES-MaACL
005 20250727021939.0
008 020913s1894 sp |||| | spa d
040 _aCCPB | B
_bspa
_cCCPB | B
100 1 _aPérez Macías, Fermín.
_9131471
245 1 0 _aDiscurso leído por Fermín Pérez Macías en el solemne acto de recibir la investidura de Doctor en la Facultad de Medicina de la Universidad Central el día 25 de noviembre de 1892.
260 _aMadrid :
_b[s.n.],
_c1894 (
_fImprenta Colonial, a cargo de G. Gutiérrez)
300 _a32 p. ;
_c26 cm.
500 1 _aTítulo del discurso: "Causas de la criminalidad y su tratamiento en las penitenciarías"
650 7 _aAntropología criminal
_2embne
_99866
852 _aES-MaACL
_jT-785-F-1
_z-- Enc. hol. conservando la cub. original
_z-- Enc. en un vol. facticio
999 _c161890
_d161890